01785cam a22004454i 4500003000900000005001700009008004100026035001800067040003300085049000900118082001900127110003100146245016000177264006400337300003900401336002100440337002500461338002300486505013000509526001000639526001000649526001000659526001000669526000800679526000800687526000800695526000800703526000800711526000800719526000800727630004000735910001800775942001400793949013200807994001400939596000600953999015700959980005501116952016801171PE-LiUPU20250731173449.0150616s1984 miu r 000 0 eng d a(Sirsi) a6311 aPE-LiUPUbspacPE-LiUPUerda aPRUA04a220.5bZ852212 aZondervan Publishing House14aThe Comparative Study Bible :ba parallel bible presenting the New International Version, New American Standard Bible, Amplified Bible, King James Version. 1aGrand Rapids, Michigan :bThe Zondervan Corporation,c1984. a3103 páginas ;c24 centímetros atext2rdacontent aunmediated2rdamedia avolume2rdacarrier0 aComparación bíblica de versiones: King James -- The Amplified Bible -- New Amercan Standard -- New International version. aSEG42 aSEG41 aSEG40 aSEG39 aP94 aP87 aP86 aP85 aP77 aP76 aP35 aBiblia.lInglésxVersiones.92384 ajckbjvqcjck 2ddccBOOK a220.5 Z85wDEWEYc1i39783lCCODEBUL1mBULp00.00r0sYtBOOKu19951016xTEOLOGIAzUNKNOWN0COMPRAo.STAFF. Colección General aC0bPEPRU a1 a220.5 Z85wDEWEYc57431i39783f2021-11-9g5lCCODEBUL1mBULp68.98r0sYtBOOKu2015-6-16xTEOLOGIAPP350COMPRAo.STAFF. Colección Teologíad57431 81gALBERTO SANCHEZ Responsable de Automatización r2025-12-02 00:00:00i6l0o220.5 Z85p39783te1v73.98w2015-06-16xFTyBKzinventario-2023-12-13102ddc50708GENfP35aBULbBULcGENd2015-06-16eCOMPRAg68.98